000 00718nam a2200229Ia 4500
005 20220721111520.0
008 210716s2005 xx 000 0 und d
020 _a9788131711064
040 _cAIMIT LIBRARY
041 _aeng
082 _a005.1361
_22
_bBLAM
100 _aBlaha, Michael.
_951941
245 _aObject oriented modeling and design with UML /
_cBy Michael Blaha and James Rumbaugh.
250 _a2nd ed.
260 _aNew Delhi :
_bPearson Education ,
_c2005.
300 _axvii, 477p. ;
_c23 cm.
650 _aModeling concepts
_951942
650 _aAnalysis and design
_951943
650 _aImplementation
_951944
700 _aRumbaugh, James.
_951945
942 _2ddc
_cBK
_e2nd
_k005.1361 BALM
999 _c190680
_d190680